00637nam a2200145Ia 4500008004100000024005700041082001700098100008600115110002800201245007000229260002600299600002100325650003800346856010700384260210s9999 xx 000 0 und d a19B-003-CS, 19B-044-CS, 19B-020-CS, & 17B-037-CS a004.8072 ALA aHashir Alam, Abdul Rehman Khalidi, M. Sameer Javed Khan, & M. Hassan Siddiqui aDr. Najmi Ghani. Haider 0aText Prediction and A Speech Recognition System For Urdu Language aKarachi:bUITU,c2019 aComputer Science aBachelor of Computer Science (BS) uhttps://drive.google.com/file/d/1GbpM_gQlvpyJ1gKoH41p6dO0cTuINhwy/view?usp=sharingyClick here for PDF